<?xml version="1.0" encoding="UTF-8"?>
<record
    xmlns:xsi="http://www.w3.org/2001/XMLSchema-instance"
    xsi:schemaLocation="http://www.loc.gov/MARC21/slim http://www.loc.gov/standards/marcxml/schema/MARC21slim.xsd"
    xmlns="http://www.loc.gov/MARC21/slim">

  <leader>01520nam a2200217Ia 4500</leader>
  <controlfield tag="003">OSt</controlfield>
  <controlfield tag="005">20250628114644.0</controlfield>
  <controlfield tag="008">210210b1990   xxu||||| |||| 00| 0 eng d</controlfield>
  <datafield tag="040" ind1=" " ind2=" ">
    <subfield code="c">AL</subfield>
  </datafield>
  <datafield tag="041" ind1=" " ind2=" ">
    <subfield code="a">Kannada</subfield>
  </datafield>
  <datafield tag="082" ind1=" " ind2=" ">
    <subfield code="a">K494.8 UPPM</subfield>
  </datafield>
  <datafield tag="100" ind1=" " ind2=" ">
    <subfield code="a">UPPANGALA RAMA BHATTA</subfield>
    <subfield code="9">126705</subfield>
    <subfield code="d">&#xC89;&#xCAA;&#xCCD;&#xCAA;&#xC82;&#xC97;&#xCB3; &#xCB0;&#xCBE;&#xCAE; &#xCAD;&#xC9F;&#xCCD;&#xC9F; </subfield>
  </datafield>
  <datafield tag="245" ind1=" " ind2=" ">
    <subfield code="a">Manasa. (kannada, havyaka, tulu bhashika adhyayana).</subfield>
    <subfield code="b">&#xCAE;&#xCBE;&#xCA8;&#xCB8; : &#xC95;&#xCA8;&#xCCD;&#xCA8;&#xCA1; &#xCB9;&#xCB5;&#xCCD;&#xCAF;&#xC95; &#xCA4;&#xCC1;&#xCB3;&#xCC1; &#xCAD;&#xCBE;&#xCB7;&#xCBF;&#xC95; &#xC85;&#xCA7;&#xCCD;&#xCAF;&#xCAF;&#xCA8; </subfield>
  </datafield>
  <datafield tag="260" ind1=" " ind2=" ">
    <subfield code="a">Udupi.</subfield>
    <subfield code="b">Akalanka Prakashana</subfield>
    <subfield code="c">1990</subfield>
  </datafield>
  <datafield tag="300" ind1=" " ind2=" ">
    <subfield code="a">x,110</subfield>
  </datafield>
  <datafield tag="520" ind1=" " ind2=" ">
    <subfield code="a">A collection of research articles-Kannada,Havyaka, Tulu languages
&#xCAA;&#xCB0;&#xCBF;&#xCB5;&#xCBF;&#xCA1;&#xCBF; :
1. &#xCB6;&#xCBF;&#xCB5; &#xCB5;&#xCC6;&#xC82;&#xCB0;&#xCC6;&#xCA6; &#xCB6;&#xCBF;&#xCB5;&#xCB3;&#xCCD;&#xCB3;&#xCBF;, 2. &#xCAE;&#xCA7;&#xCCD;&#xCB5;&#xCB5;&#xCBF;&#xC9C;&#xCAF;&#xCA6;&#xCB2;&#xCCD;&#xCB2;&#xCBF; &#xCA4;&#xCC1;&#xCB3;&#xCC1; &#xCB6;&#xCAC;&#xCCD;&#xCA6;&#xC97;&#xCB3;&#xCC1; 3. &#xCB9;&#xCB5;&#xCCD;&#xCAF;&#xC95;&#xCB0;&#xCB2;&#xCCD;&#xCB2;&#xCBF; &#xC85;&#xCA1;&#xCCD;&#xCA1; &#xCB9;&#xCC6;&#xCB8;&#xCB0;&#xCC1;&#xC97;&#xCB3;&#xCC1; 4. &#xCB9;&#xCB5;&#xCCD;&#xCAF;&#xC95;&#xCA6;&#xCB2;&#xCCD;&#xCB2;&#xCBF; &#xCA4;&#xCC1;&#xCB3;&#xCC1; &#xCB6;&#xCAC;&#xCCD;&#xCA6;&#xC97;&#xCB3;&#xCC1;
5. &#xCB9;&#xCB5;&#xCCD;&#xCAF;&#xC95;-&#xCA4;&#xCC1;&#xCB3;&#xCC1; 6. &#xCB9;&#xCB5;&#xCCD;&#xCAF;&#xC95;-&#xC92;&#xCB3;&#xCAD;&#xCC7;&#xCA6;&#xC97;&#xCB3;&#xCC1; 7. &#xC95;&#xCA8;&#xCCD;&#xCA8;&#xCA1;&#xCA6; &#xC95;&#xCC6;&#xCB2;&#xCB5;&#xCC1; &#xCAA;&#xCCD;&#xCB0;&#xCBE;&#xCA6;&#xCC7;&#xCB6;&#xCBF;&#xC95; &#xCB5;&#xCC8;&#xCB6;&#xCBF;&#xCB7;&#xCCD;&#xC9F;&#xCCD;&#xCAF;&#xC97;&#xCB3;&#xCC1; 8. &#xCB9;&#xCCA;&#xCB8;&#xC97;&#xCA8;&#xCCD;&#xCA8;&#xCA1;&#xCA6;&#xCB2;&#xCCD;&#xCB2;&#xCBF; &#xC87;&#xCA4;&#xCCD;&#xCA4;&#xCC0;&#xC9A;&#xCBF;&#xCA8; &#xC95;&#xCC6;&#xCB2;&#xCB5;&#xCC1; &#xCAA;&#xCCD;&#xCB0;&#xCAF;&#xCCB;&#xC97;&#xC97;&#xCB3;&#xCC1; 9. &#xCB9;&#xCCA;&#xCB8;&#xC97;&#xCA8;&#xCCD;&#xCA8;&#xCA1;&#xCA6;&#xCB2;&#xCCD;&#xCB2;&#xCBF; &#xC95;&#xCC6;&#xCB2;&#xCB5;&#xCC1; &#xCB6;&#xCAC;&#xCCD;&#xCA6;, &#xC85;&#xCB0;&#xCCD;&#xCA5;&#xC97;&#xCB3;&#xCC1; 10. &#x201C;&#xC85;&#xCAF;&#xCCD;&#xCAF;" - &#xCB6;&#xCAC;&#xCCD;&#xCA6;&#xCBE;&#xCB0;&#xCCD;&#xCA5; &#xCB5;&#xCBF;&#xCB5;&#xCC7;&#xC9A;&#xCA8;&#xCC6;
</subfield>
  </datafield>
  <datafield tag="650" ind1=" " ind2=" ">
    <subfield code="a">Havyaka Tulu</subfield>
    <subfield code="9">126706</subfield>
  </datafield>
  <datafield tag="690" ind1=" " ind2=" ">
    <subfield code="a">Kannada Language</subfield>
    <subfield code="9">126707</subfield>
  </datafield>
  <datafield tag="906" ind1=" " ind2=" ">
    <subfield code="a">043896</subfield>
  </datafield>
  <datafield tag="942" ind1=" " ind2=" ">
    <subfield code="2">ddc</subfield>
    <subfield code="c">BK</subfield>
  </datafield>
  <datafield tag="999" ind1=" " ind2=" ">
    <subfield code="c">93511</subfield>
    <subfield code="d">93511</subfield>
  </datafield>
  <datafield tag="952" ind1=" " ind2=" ">
    <subfield code="0">0</subfield>
    <subfield code="1">0</subfield>
    <subfield code="2">ddc</subfield>
    <subfield code="4">0</subfield>
    <subfield code="7">0</subfield>
    <subfield code="8">KAN</subfield>
    <subfield code="a">AL</subfield>
    <subfield code="b">AL</subfield>
    <subfield code="c">SSS</subfield>
    <subfield code="d">2021-02-17</subfield>
    <subfield code="g">30.00</subfield>
    <subfield code="l">0</subfield>
    <subfield code="o">K494.8 UPPM</subfield>
    <subfield code="p">043896</subfield>
    <subfield code="r">2021-02-17 00:00:00</subfield>
    <subfield code="w">2021-02-17</subfield>
    <subfield code="y">BK</subfield>
  </datafield>
  <datafield tag="952" ind1=" " ind2=" ">
    <subfield code="0">0</subfield>
    <subfield code="1">1</subfield>
    <subfield code="2">ddc</subfield>
    <subfield code="4">0</subfield>
    <subfield code="7">0</subfield>
    <subfield code="8">KAN</subfield>
    <subfield code="a">AL</subfield>
    <subfield code="b">AL</subfield>
    <subfield code="d">2021-02-17</subfield>
    <subfield code="g">30.00</subfield>
    <subfield code="l">1</subfield>
    <subfield code="o">K494.8 UPPM</subfield>
    <subfield code="p">043895</subfield>
    <subfield code="r">2025-06-27 10:14:43</subfield>
    <subfield code="s">2022-03-07</subfield>
    <subfield code="w">2021-02-17</subfield>
    <subfield code="y">BK</subfield>
  </datafield>
</record>
